Cabe los límites : escritos sobre filosofía natural desde la ontología estética /
Construcción de una filosofía natural como ontología capaz de aportar conceptos para repensar y preguntar sobre lo natural a partir de la inmanencia y la experiencia sensible y de su trato con la materialidad y la naturaleza, las ciencias y las artes.
Furkejuvvon:
| Váldodahkki: | |
|---|---|
| Materiálatiipa: | Girji |
| Giella: | espánnjágiella |
| Almmustuhtton: |
México : Barcelona, España :
UNAM, Facultad de Filosofía y Letras ; Herder,
2016, c2016
|
| Fáttát: | |
| Fáddágilkorat: |
Eai fáddágilkorat, Lasit vuosttaš fáddágilkora!
|
MARC
| LEADER | 00000nam^a2200000^a^4500 | ||
|---|---|---|---|
| 001 | 000418703 | ||
| 005 | 20250521000000.0 | ||
| 009 | 20260310122423.952 | ||
| 020 | |a 978-607-7727-49-1 | ||
| 020 | |a 978-607-02-7631-6 | ||
| 020 | |a 978-84-254-3407-5 | ||
| 037 | |a Acervo Xavier Clavigero | ||
| 041 | |a ESP | ||
| 082 | |a 111. |b GON | ||
| 100 | |a González Valerio, María Antonia |e (autor) | ||
| 245 | 1 | 0 | |a Cabe los límites : |b escritos sobre filosofía natural desde la ontología estética / |c M.A, González Valerio |
| 264 | 4 | |a México : |b UNAM, Facultad de Filosofía y Letras ; |a Barcelona, España : |b Herder, |c 2016, c2016 | |
| 300 | |a 310 p. | ||
| 336 | |a texto |b txt |2 rdacontenido | ||
| 337 | |a sin mediación |b n |2 rdamedio | ||
| 338 | |a volumen |b nc |2 rdasoporte | ||
| 520 | |a Construcción de una filosofía natural como ontología capaz de aportar conceptos para repensar y preguntar sobre lo natural a partir de la inmanencia y la experiencia sensible y de su trato con la materialidad y la naturaleza, las ciencias y las artes. | ||
| 521 | |a Peticiones 2020 | ||
| 649 | |a XX | ||
| 650 | |a Realidad | ||
| 650 | |a Inmanencia (Filosofía) | ||
| 650 | |a Experiencia - |x Filosofía | ||
| 650 | |a Ontología - |x Tema Principal | ||
| 650 | |a Filosofía de la Naturaleza - |x Tema Principal | ||
| 650 | |a Estética | ||
| 650 | |a Tecnología | ||
| 650 | |a Ciencia | ||
| 650 | |a Filosofía del Siglo XXI | ||
| 910 | |a Fondo General | ||
| 920 | |a Impresos - Libros | ||
| 930 | |a Colección General | ||
| 905 | |a 101 | ||
| 901 | |a 0500328782 |b IT1 |c ACC |i C2123 |u 20250521 | ||
| 902 | |a https://opac.biblio.iteso.mx/vufind/Record/000418703 | ||